History Quiz

Random History or Politics Quiz

Queen Elizabeth's Prime Ministers Quiz Stats

Quiz Updated Feb 23, 2017

Challenge
Share
Tweet
Embed
Score 0/14 Timer 05:00
0 Plays Today
Term Years Prime Minister % Correct
1997 - 2007Tony Blair
95.2%
1979 - 1990Margaret Thatcher
95%
1951 - 1955Winston Churchill
92.7%
2010 - 2016David Cameron
89.8%
2016 -Theresa May
89.6%
2007 - 2010Gordon Brown
86.9%
1990 - 1997John Major
78.8%
Term Years Prime Minister % Correct
1964 - 1970Harold Wilson
61.4%
1974 - 1976Harold Wilson
61.4%
1970 - 1974Edward Heath
59.1%
1955 - 1957Anthony Eden
53%
1957 - 1963Harold Macmillan
50.1%
1976 - 1979James Callaghan
48.9%
1963 - 1964Alec Douglas-Home
35.8%

You're not logged in!

Compare scores with friends on all Sporcle quizzes.
Join for Free
OR
Log In

You Might Also Like...

Show Comments

Extras

Top Quizzes Today


Score Distribution

Your Account Isn't Verified!

In order to create a playlist on Sporcle, you need to verify the email address you used during registration. Go to your Sporcle Settings to finish the process.

Report this User

Report this user for behavior that violates our Community Guidelines.

Details: